[Event "Robecchetto Autunn op 11th"]
[Site "Robecchetto"]
[Date "2014.10.23"]
[Round "3"]
[White "Sartorio, Alessandro"]
[Black "Santarelli, Sabatino"]
[Result "1/2-1/2"]
[WhiteElo "1318"]
[BlackElo "1638"]
[PlyCount "133"]
[EventDate "2014.10.09"]
[EventType "swiss"]
[EventRounds "7"]
[EventCountry "ITA"]
[SourceTitle "EXT 2016"]
[Source "ChessBase"]
[SourceDate "2015.10.08"]
[SourceVersion "1"]
[SourceVersionDate "2015.10.08"]
[SourceQuality "1"]

1. e4 c5 2. c4 Nc6 3. Nc3 a6 4. Nf3 d6 5. Bd3 g6 6. 0-0 Bg7 7. Bc2 Bg4 8. h3 Bxf3 9. Qxf3 Nf6 10. b3 Nd4 11. Qd1 0-0 12. Bb2 Qd7 13. Re1 Nh5 14. Nd5 Rad8 15. Rb1 e6 16. Ne3 Qe7 17. Ng4 Nf4 18. Bxd4 Bxd4 19. Qf3 e5 20. Kh2 h5 21. Ne3 Qh4 22. Qg3 Qf6 23. Rf1 Qg7 24. Qf3 Kh7 25. g3 Ne6 26. Rg1 Ng5 27. Qg2 Qf6 28. Bd1 Kh6 29. h4 Nh7 30. Rf1 Qe6 31. f4 f5 32. exf5 gxf5 33. Bc2 Bxe3 34. dxe3 e4 35. Bd1 Nf6 36. Qe2 Rg8 37. Rg1 Ng4+ 38. Kh3 Qf6 39. Qd2 Qg6 40. Qe2 Qg7 41. Qd2 b5 42. Bxg4 Qxg4+ 43. Kh2 b4 44. Qd5 Rg6 45. Rbe1 Rdg8 46. Qd1 a5 47. Qxg4 hxg4 48. a3 Rb8 49. a4 Rd8 50. Rd1 Rg7 51. Rd5 Kg6 52. Rgd1 Rgd7 53. Kg2 Kf6 54. Kf2 Ke6 55. h5 Rh8 56. Rh1 Rh6 57. Rh4 Rdh7 58. Rd1 Rxh5 59. Rxh5 Rxh5 60. Kg2 Rh7 61. Rd5 Rd7 62. Kg1 Rh7 63. Kg2 Rh3 64. Rd1 Rh6 65. Rd5 Rh5 66. Rd1 Rh3 67. Rd5 1/2-1/2

[Event "Robecchetto Spring 11th B"]
[Site "Robecchetto"]
[Date "2014.05.29"]
[Round "9"]
[White "Sartorio, Alessandro"]
[Black "Frignani, Alessandro"]
[Result "0-1"]
[WhiteElo "1339"]
[BlackElo "1409"]
[PlyCount "72"]
[EventDate "2014.04.10"]
[EventType "swiss"]
[EventRounds "9"]
[EventCountry "ITA"]
[SourceTitle "EXT 2024"]
[Source "ChessBase"]
[SourceDate "2023.10.10"]
[SourceVersion "1"]
[SourceVersionDate "2023.10.10"]
[SourceQuality "1"]

1. e4 e5 2. Nf3 Qf6 3. Bc4 Bc5 4. Nc3 c6 5. 0-0 Be7 6. d3 Qg6 7. Nxe5 Qf6 8. Ng4 Qd6 9. e5 Qb4 10. Qf3 f6 11. a3 Qb6 12. Re1 d5 13. exd6 Bxg4 14. Qxg4 Nd7 15. dxe7 g6 16. Qe6 Ne5 17. Qd6 Rc8 18. Qe6 Nxc4 19. Qf7+ Kxf7 20. Na4 Qb5 21. Nc3 Qc5 22. dxc4 Nxe7 23. Ne4 Qe5 24. f4 Qd4+ 25. Kh1 Rcd8 26. Bd2 Qxc4 27. Bb4 Nc8 28. Rad1 Rxd1 29. Rxd1 Qxe4 30. h3 Re8 31. Rf1 Qxc2 32. Bc3 Nb6 33. f5 g5 34. Bd4 c5 35. Bg1 Re2 36. Bf2 Rxf2 0-1

[Event "Robecchetto Spring 11th B"]
[Site "Robecchetto"]
[Date "2014.04.28"]
[Round "4"]
[White "Nava, Mario"]
[Black "Sartorio, Alessandro"]
[Result "0-1"]
[WhiteElo "1234"]
[BlackElo "1339"]
[PlyCount "80"]
[EventDate "2014.04.10"]
[EventType "swiss"]
[EventRounds "9"]
[EventCountry "ITA"]
[SourceTitle "EXT 2024"]
[Source "ChessBase"]
[SourceDate "2023.10.10"]
[SourceVersion "1"]
[SourceVersionDate "2023.10.10"]
[SourceQuality "1"]

1. Nf3 d6 2. d4 g6 3. c4 Bg7 4. Nc3 Nf6 5. h3 0-0 6. e4 Nbd7 7. Be2 Re8 8. 0-0 b6 9. Bd2 Bb7 10. Bd3 c5 11. d5 e6 12. Qc1 exd5 13. cxd5 Ne5 14. Nh2 Nxd3 15. Qc2 c4 16. b3 Ba6 17. Rfd1 Nc5 18. Be3 Ncxe4 19. Bd4 Nxc3 20. Bxc3 cxb3 21. axb3 Bb7 22. Qb2 b5 23. Rd3 b4 24. Bxb4 Nxd5 25. Bc3 Nxc3 26. Rxc3 Bxc3 27. Qxc3 Rc8 28. Qb2 Re6 29. Ng4 Be4 30. Nh6+ Kf8 31. Qh8+ Ke7 32. Rxa7+ Rc7 33. Rxc7+ Qxc7 34. Qxh7 Qc1+ 35. Kh2 Qf4+ 36. Kg1 Bd3 37. Ng8+ Kd7 38. g3 Re1+ 39. Kg2 Be4+ 40. f3 Qd2# 0-1

[Event "Robecchetto Autunn op 10th"]
[Site "Robecchetto"]
[Date "2013.11.07"]
[Round "5"]
[White "Marchesotti, Giovanni"]
[Black "Sartorio, Alessandro"]
[Result "1-0"]
[WhiteElo "1546"]
[BlackElo "1381"]
[PlyCount "120"]
[EventDate "2013.10.03"]
[EventType "swiss"]
[EventRounds "7"]
[EventCountry "ITA"]
[SourceTitle "EXT 2015"]
[Source "ChessBase"]
[SourceDate "2014.11.20"]
[SourceVersion "1"]
[SourceVersionDate "2014.11.20"]
[SourceQuality "1"]

1. e4 e5 2. Nf3 Nf6 3. d3 Bc5 4. Be2 h6 5. Nbd2 0-0 6. 0-0 Nc6 7. Nc4 Re8 8. Be3 Nd4 9. Ncxe5 Nxf3+ 10. Nxf3 Bxe3 11. fxe3 d5 12. e5 Ng4 13. Qd2 Nxe5 14. Nxe5 Rxe5 15. Bf3 c6 16. Rae1 Qg5 17. Rf2 d4 18. e4 Bg4 19. Qxg5 Rxg5 20. Bxg4 Rxg4 21. Ref1 f6 22. Rf4 Rxf4 23. Rxf4 Kf7 24. e5 c5 25. exf6 gxf6 26. Re4 Re8 27. Rxe8 Kxe8 28. Kf2 Ke7 29. Kf3 Ke6 30. Kg4 Kf7 31. c3 Kg6 32. cxd4 cxd4 33. Kf4 f5 34. g4 fxg4 35. Kxg4 h5+ 36. Kf4 h4 37. Kg4 Kf6 38. Kxh4 Kf5 39. Kg3 Kg5 40. Kf3 Kf5 41. h4 Kg6 42. Ke4 Kh5 43. Kxd4 Kxh4 44. Ke5 Kg5 45. d4 Kg6 46. Ke6 Kg5 47. d5 Kf4 48. d6 Ke3 49. d7 Kd2 50. d8Q+ Kc1 51. Qc7+ Kb1 52. Qxb7 Ka1 53. Qxa7 Kb1 54. b4 Kb2 55. b5 Kb1 56. b6 Kb2 57. b7 Ka1 58. a4 Ka2 59. b8Q Ka3 60. Qb5 Ka2 1-0

[Event "Robecchetto Autunn op 10th"]
[Site "Robecchetto"]
[Date "2013.10.10"]
[Round "2"]
[White "Madaschi, Sergio"]
[Black "Sartorio, Alessandro"]
[Result "1-0"]
[WhiteElo "1522"]
[BlackElo "1381"]
[PlyCount "113"]
[EventDate "2013.10.03"]
[EventType "swiss"]
[EventRounds "7"]
[EventCountry "ITA"]
[SourceTitle "EXT 2015"]
[Source "ChessBase"]
[SourceDate "2014.11.20"]
[SourceVersion "1"]
[SourceVersionDate "2014.11.20"]
[SourceQuality "1"]

1. e4 e5 2. Nf3 Nf6 3. Nxe5 d6 4. Nf3 Nxe4 5. d4 Be7 6. Bd3 d5 7. 0-0 0-0 8. c4 Nf6 9. Nc3 Nc6 10. Re1 Bg4 11. cxd5 Nxd4 12. Be2 Nxe2+ 13. Qxe2 Nxd5 14. Nxd5 Qxd5 15. Qxe7 Bxf3 16. gxf3 Qxf3 17. Qe2 Qc6 18. Be3 Rfe8 19. Rac1 Qd7 20. Qf3 Re6 21. Qxb7 Rg6+ 22. Kh1 Rc8 23. Rg1 Rxg1+ 24. Rxg1 Re8 25. Qg2 g6 26. Qf3 Re5 27. Rg5 Re6 28. Rg4 Rd6 29. Rg1 f5 30. Bxa7 Rd3 31. Qa8+ Kf7 32. Bc5 Qd8 33. Qxd8 Rxd8 34. Re1 Rd2 35. Re7+ Kg8 36. b4 Rxa2 37. Rxc7 Ra8 38. Ra7 Rb8 39. Ra5 h5 40. b5 Kg7 41. b6 Rc8 42. b7 Rb8 43. Rb5 Kf6 44. Ba7 Rxb7 45. Rxb7 Kg5 46. Be3+ f4 47. Rb6 h4 48. Rb5+ Kg4 49. Bd2 Kf3 50. Kg1 Ke4 51. Rg5 f3 52. Rg4+ Kd3 53. Be3 h3 54. Kf1 Kc3 55. Ke1 Kc2 56. Rd4 g5 57. Bxg5 1-0

[Event "Robecchetto Autumn op 9th"]
[Site "Robecchetto"]
[Date "2012.11.15"]
[Round "6"]
[White "Sartorio, Alessandro"]
[Black "Volpe, Antonio"]
[Result "1-0"]
[WhiteElo "1221"]
[BlackElo "1727"]
[PlyCount "41"]
[EventDate "2012.10.04"]
[EventType "swiss"]
[EventRounds "7"]
[EventCountry "ITA"]
[SourceTitle "EXT 2024"]
[Source "ChessBase"]
[SourceDate "2023.10.10"]
[SourceVersion "1"]
[SourceVersionDate "2023.10.10"]
[SourceQuality "1"]

1. e4 e5 2. Nf3 Nc6 3. Bc4 d6 4. 0-0 Bg4 5. d3 Nf6 6. Bg5 Be7 7. Nc3 0-0 8. Nd5 Nxd5 9. Bxe7 Ncxe7 10. Bxd5 Nxd5 11. exd5 c5 12. h3 Bh5 13. Qe2 b5 14. c4 b4 15. b3 a5 16. Qe4 a4 17. Nd2 Ra7 18. f4 axb3 19. Nxb3 Ra3 20. g4 Bg6 21. f5 1-0

[Event "Robecchetto Autumn op 9th"]
[Site "Robecchetto"]
[Date "2012.10.11"]
[Round "2"]
[White "Sartorio, Alessandro"]
[Black "Colombo, Maurizio"]
[Result "0-1"]
[WhiteElo "1221"]
[BlackElo "1694"]
[PlyCount "94"]
[EventDate "2012.10.04"]
[EventType "swiss"]
[EventRounds "7"]
[EventCountry "ITA"]
[SourceTitle "EXT 2024"]
[Source "ChessBase"]
[SourceDate "2023.10.10"]
[SourceVersion "1"]
[SourceVersionDate "2023.10.10"]
[SourceQuality "1"]

1. e4 c5 2. c4 Nc6 3. Nc3 d6 4. Nf3 Nf6 5. h3 g6 6. Be2 Bg7 7. 0-0 0-0 8. Re1 a6 9. Bf1 e6 10. d4 cxd4 11. Nxd4 Qc7 12. Nf3 Nd7 13. Bf4 Nde5 14. Nxe5 Nxe5 15. Qd2 Nxc4 16. Bxc4 Qxc4 17. Rac1 Qd4 18. Qxd4 Bxd4 19. Bxd6 Re8 20. e5 Bxc3 21. Rxc3 Bd7 22. Rd1 Rac8 23. Bc7 Bc6 24. Ba5 Bd5 25. Rxc8 Rxc8 26. b3 Rc2 27. a3 Kg7 28. Bb4 f6 29. exf6+ Kxf6 30. Rd2 Rxd2 31. Bxd2 Bxb3 32. Kf1 Ke5 33. Bc3+ Kd5 34. Ke2 Kc4 35. Bd2 Bc2 36. Ke3 Kb3 37. Bc1 b5 38. Kd2 a5 39. f4 b4 40. a4 Be4 41. g4 h5 42. g5 Kxa4 43. Bb2 Kb3 44. Ke3 Bf5 45. Kd4 Kxb2 46. Kc4 b3 47. Kb5 Kc3 0-1

[Event "Robecchetto Spring op 9th"]
[Site "Robecchetto"]
[Date "2012.04.26"]
[Round "3"]
[White "Sartorio, Alessandro"]
[Black "Madaschi, Sergio"]
[Result "0-1"]
[WhiteElo "1233"]
[BlackElo "1569"]
[PlyCount "110"]
[EventDate "2012.04.12"]
[EventType "swiss"]
[EventRounds "7"]
[EventCountry "ITA"]
[SourceTitle "EXT 2024"]
[Source "ChessBase"]
[SourceDate "2023.10.10"]
[SourceVersion "1"]
[SourceVersionDate "2023.10.10"]
[SourceQuality "1"]

1. e4 c5 2. Nf3 d6 3. Nc3 Nc6 4. d4 cxd4 5. Nxd4 Bd7 6. Bb5 Qc7 7. Bf4 e5 8. Nxc6 bxc6 9. Bxe5 dxe5 10. Bc4 Nf6 11. Qf3 Bc5 12. 0-0-0 Bg4 13. Qg3 0-0 14. f3 Bh5 15. Na4 Be3+ 16. Kb1 Rab8 17. Rhe1 Bb6 18. Nxb6 axb6 19. Rd4 c5 20. Rd3 Rfd8 21. Qf2 Bg6 22. Red1 Rxd3 23. Rxd3 Rd8 24. Qd2 Rxd3 25. Qxd3 Qd7 26. Qe2 Qd6 27. g4 h6 28. h4 Nd7 29. h5 Bh7 30. Bd5 g5 31. Qd3 Kg7 32. Qb3 Bg8 33. a3 Nf6 34. Bc4 Nd7 35. Ka2 Nf8 36. Ka1 Kf6 37. Be2 Ne6 38. Bd3 Nd4 39. Qa4 Nxf3 40. Qa8 Kg7 41. Qd5 Qxd5 42. exd5 f6 43. d6 Be6 44. Bc4 Bd7 45. Bd5 Nh2 46. c4 Nxg4 47. b4 Ne3 48. Kb2 Nxd5 49. cxd5 g4 50. bxc5 bxc5 51. Kc3 g3 52. Kc4 g2 53. Kxc5 g1Q+ 54. Kc4 Qd4+ 55. Kb3 Qxd5+ 0-1

[Event "Robecchetto Spring op 9th"]
[Site "Robecchetto"]
[Date "2012.04.12"]
[Round "1"]
[White "Sartorio, Alessandro"]
[Black "Santarelli, Sabatino"]
[Result "0-1"]
[WhiteElo "1233"]
[BlackElo "1614"]
[PlyCount "86"]
[EventDate "2012.04.12"]
[EventType "swiss"]
[EventRounds "7"]
[EventCountry "ITA"]
[SourceTitle "EXT 2024"]
[Source "ChessBase"]
[SourceDate "2023.10.10"]
[SourceVersion "1"]
[SourceVersionDate "2023.10.10"]
[SourceQuality "1"]

1. e4 g6 2. Nf3 Bg7 3. Bc4 e6 4. d4 Ne7 5. 0-0 0-0 6. Nc3 a6 7. e5 b5 8. Bd3 Bb7 9. b4 d6 10. Re1 Nd7 11. exd6 cxd6 12. a4 Rc8 13. Bb2 Bxf3 14. Qxf3 Bxd4 15. Ra3 Nd5 16. Be4 Ne5 17. Qg3 Nxb4 18. Ba1 Qf6 19. Rd1 Bc5 20. Ne2 Nxc2 21. Bxe5 Qxe5 22. Qxe5 dxe5 23. Bxc2 Bxa3 24. Be4 Rc4 25. Bd3 Rxa4 26. Nc3 Rd4 27. g3 Rfd8 28. Bc2 b4 29. Rxd4 exd4 30. Ne4 d3 31. Bd1 a5 32. Kf1 Rd4 33. Nd2 Bb2 34. Nf3 Rc4 35. Ne1 d2 36. Nd3 Bc1 37. Ne5 Re4 38. Nd3 f6 39. f3 Re3 40. Nf2 b3 41. Bxb3 Rxb3 42. Ke2 a4 43. Nd3 Rxd3 0-1

[Event "Robecchetto Autumn op 8th"]
[Site "Robecchetto"]
[Date "2011.11.17"]
[Round "5"]
[White "Koureas, Panicos"]
[Black "Sartorio, Alessandro"]
[Result "1-0"]
[WhiteElo "1314"]
[BlackElo "1275"]
[PlyCount "107"]
[EventDate "2011.10.20"]
[EventType "swiss"]
[EventRounds "7"]
[EventCountry "ITA"]
[SourceTitle "EXT 2024"]
[Source "ChessBase"]
[SourceDate "2023.10.10"]
[SourceVersion "1"]
[SourceVersionDate "2023.10.10"]
[SourceQuality "1"]

1. d4 Nf6 2. Nf3 g6 3. e3 Bg7 4. Bd3 d6 5. b3 0-0 6. 0-0 Nbd7 7. Bb2 Re8 8. Nbd2 e5 9. dxe5 dxe5 10. Ng5 h6 11. Nge4 Qe7 12. a4 Nc5 13. Ba3 b6 14. Nxc5 bxc5 15. Ne4 Bb7 16. Nxc5 Bxg2 17. Kxg2 Qd8 18. Bb5 Qxd1 19. Raxd1 Red8 20. e4 Bf8 21. b4 Rac8 22. Bb2 c6 23. Ba6 Rxd1 24. Rxd1 Re8 25. Bb7 Bxc5 26. bxc5 Re6 27. Bc8 Re8 28. Bd7 Rd8 29. Bxe5 Nxd7 30. Bd6 f6 31. Be7 Rb8 32. Rxd7 Rb4 33. Rxa7 Rxe4 34. Bxf6 Rc4 35. c3 Rxc5 36. a5 Rf5 37. Bd4 c5 38. Be3 c4 39. Bxh6 Rb5 40. a6 Rb3 41. Bg7 Ra3 42. Kg3 Ra5 43. h4 g5 44. h5 Rf5 45. Rc7 Ra5 46. a7 Kh7 47. Kg4 Ra6 48. Kxg5 Ra5+ 49. Kg4 Ra6 50. f4 Ra2 51. Kf3 Ra6 52. f5 Rd6 53. Bf8+ Kg8 54. Bxd6 1-0

[Event "Robecchetto Spring op 8th"]
[Site "Robecchetto"]
[Date "2011.04.07"]
[Round "1"]
[White "Salerno, Christian1"]
[Black "Sartorio, Alessandro"]
[Result "1-0"]
[WhiteElo "1546"]
[BlackElo "1332"]
[PlyCount "62"]
[EventDate "2011.04.07"]
[EventType "swiss"]
[EventRounds "7"]
[EventCountry "ITA"]
[SourceTitle "EXT 2024"]
[Source "ChessBase"]
[SourceDate "2023.10.10"]
[SourceVersion "1"]
[SourceVersionDate "2023.10.10"]
[SourceQuality "1"]

1. d4 d5 2. Nf3 Nc6 3. Bf4 Bg4 4. e3 e6 5. c4 g5 6. Bg3 Nf6 7. Nbd2 Bb4 8. Qb3 Ne4 9. a3 Bxf3 10. axb4 Nxd2 11. Kxd2 Be4 12. b5 Na5 13. Rxa5 dxc4 14. Qxc4 Bd5 15. Qxc7 0-0 16. Qxd8 Rfxd8 17. f3 f6 18. Bd3 e5 19. dxe5 Bc4 20. Ra3 Bxb5 21. Rd1 Rac8 22. Ke1 Be8 23. exf6 a6 24. Bc4+ Bf7 25. Rxd8+ Rxd8 26. Bxf7+ Kxf7 27. Be5 Rd5 28. Bd4 Rd6 29. Rc3 b5 30. Rc7+ Ke8 31. f7+ Kd8 1-0

[Event "Robecchetto op 21th Autumn"]
[Site "Robecchetto"]
[Date "2010.10.28"]
[Round "4"]
[White "Vanzini, Mario"]
[Black "Sartorio, Alessandro"]
[Result "0-1"]
[WhiteElo "1428"]
[BlackElo "1350"]
[PlyCount "98"]
[EventDate "2010.10.07"]
[EventType "swiss"]
[EventRounds "7"]
[EventCountry "ITA"]
[SourceTitle "EXT 2024"]
[Source "ChessBase"]
[SourceDate "2023.10.10"]
[SourceVersion "1"]
[SourceVersionDate "2023.10.10"]
[SourceQuality "1"]

1. e4 e5 2. d4 exd4 3. Nf3 Bc5 4. Nxd4 Nf6 5. Bg5 0-0 6. e5 h6 7. Bh4 g5 8. Bg3 Ne4 9. Nf5 Qe8 10. Nxh6+ Kh7 11. Ng4 Nc6 12. Bd3 d5 13. Bxe4+ dxe4 14. Nf6+ Kg7 15. Nxe8+ Rxe8 16. Qh5 Be7 17. Nd2 Nd4 18. 0-0-0 Rh8 19. Qf3 exf3 20. Nxf3 Ne2+ 21. Kb1 Nxg3 22. fxg3 Bg4 23. Rd3 Bxf3 24. gxf3 Rad8 25. Rb3 b6 26. a3 Rd2 27. h4 gxh4 28. gxh4 Rxh4 29. Rg1+ Kf8 30. Rc3 c5 31. b4 cxb4 32. axb4 Rxb4+ 33. Kc1 Rf2 34. Rc8+ Bd8 35. Rxd8+ Ke7 36. Rd3 Ra4 37. Kb2 Re2 38. f4 Ree4 39. Rg4 Rab4+ 40. Rb3 Rxf4 41. Rg5 Ke6 42. Rh5 Rbe4 43. Rh6+ Kxe5 44. Rb5+ Kd4 45. c3+ Kd3 46. Rd5+ Ke3 47. Rg5 Rf2+ 48. Kb3 Kf4 49. Rf5+ Kxf5 0-1

[Event "Robecchetto op 21th Spring"]
[Site "Robecchetto"]
[Date "2010.04.22"]
[Round "4"]
[White "Nava, Mario"]
[Black "Sartorio, Alessandro"]
[Result "1-0"]
[WhiteElo "1410"]
[BlackElo "1383"]
[PlyCount "48"]
[EventDate "2010.04.01"]
[EventType "swiss"]
[EventRounds "6"]
[EventCountry "ITA"]
[SourceTitle "EXT 2024"]
[Source "ChessBase"]
[SourceDate "2023.10.10"]
[SourceVersion "1"]
[SourceVersionDate "2023.10.10"]
[SourceQuality "1"]

1. Nf3 Nf6 2. d4 g6 3. c4 Bg7 4. Nc3 0-0 5. e4 d6 6. Bd3 Nbd7 7. Bd2 e5 8. d5 c5 9. Qc1 Re8 10. Bh6 Ng4 11. Bxg7 Kxg7 12. h3 Ngf6 13. 0-0 b6 14. Nb5 a6 15. Nxd6 Re7 16. Nh4 Qc7 17. Ndf5+ gxf5 18. Nxf5+ Kf8 19. Qh6+ Ke8 20. d6 Qc6 21. dxe7 Ng8 22. Qxc6 Rb8 23. Qd6 f6 24. Ng7+ Kf7 1-0

[Event "Robecchetto op 21th Spring"]
[Site "Robecchetto"]
[Date "2010.04.15"]
[Round "3"]
[White "Volpi, Davide"]
[Black "Sartorio, Alessandro"]
[Result "1-0"]
[WhiteElo "2002"]
[BlackElo "1383"]
[PlyCount "73"]
[EventDate "2010.04.01"]
[EventType "swiss"]
[EventRounds "6"]
[EventCountry "ITA"]
[SourceTitle "EXT 2024"]
[Source "ChessBase"]
[SourceDate "2023.10.10"]
[SourceVersion "1"]
[SourceVersionDate "2023.10.10"]
[SourceQuality "1"]

1. Nf3 d6 2. g3 g6 3. Bg2 Bg7 4. 0-0 Nf6 5. d3 0-0 6. Nbd2 Nc6 7. e4 e5 8. c3 a6 9. a4 Bd7 10. d4 Bg4 11. d5 Bxf3 12. Qxf3 Ne7 13. Bh3 c6 14. c4 cxd5 15. cxd5 Rc8 16. Bxc8 Qxc8 17. Ra3 Nd7 18. Rc3 Qd8 19. Qe3 f5 20. f3 f4 21. Qf2 Nc5 22. b3 b5 23. Ba3 fxg3 24. hxg3 Bh6 25. Kg2 bxa4 26. Bxc5 dxc5 27. bxa4 Qa5 28. Rfc1 Bxd2 29. Qxd2 Qxa4 30. Rxc5 Qa3 31. R1c3 Qa4 32. d6 Rd8 33. Rc7 Rd7 34. Rxd7 Qxd7 35. Rc7 Qd8 36. Rxe7 Kf8 37. Qh6+ 1-0